000 00593cam a22001812a 4500
001 000140
003 AR-FADEU
008 311216n2004####xxu####################dd
100 _aEscudero, Laura Silvina
245 _aContentious lives
260 _bUniversidad Nacional del Comahue. Escuela Superior de Idiomas
260 _aGeneral Roca
260 _c2004
440 _aPrácticas profesionales
500 _aEste CD-ROM forma parte del Folleto 1231
650 _aCUTRAL CO-CIUDAD; PROTESTAS; MOVIMIENTOS SOCIALES; CUTRALCAZO; COMUNICACION SOCIAL; PLAZA HUINCUL-CIUDAD
942 _cMEDIA
999 _c491
_d491